1267 1955 1198 1118 1664 1918 1549 1768 1614 1997 1381 1217 1400 1724 1388 1234 1960 1873 1429 1833 2000 1507 1869 1329 1789 1494 1372 1545 1475 1762 1855 1518 1185 1972 1380 1707 1554 1929 1489 1907 1584 1446 1110 1729 1259 1448 1486 1928 1355 1286 1704 1115 1207 1681 1302 1973 1988 1842 1410 1684 1061 1783 1097 1219 1609 1188 1497 1570 1347 1400 1839 1536 1792 1925 1949 1871 1740 1557 1362 1289 1280 1284 1781 1482 1106 1778 1255 1771 1691 1248 1302 1649 1772 1879 1982 1105 1646 1039 1244 BCNSPRNW ULIB Ver.6.0+V

เปลี่ยนเป็นภาษาไทย

Change to English
 แสดงรายละเอียดบรรณานุกรม
  กลับหน้าหลัก

Brief Record : Get Marc (ISO 2709) : E-mail record : QR code < ปิดหน้าต่าง
LEADER : 00000nam 2200000uu 4500
001    13399122718
003     ULIB
008    020711s2555 th a 000 0 tha d
020    9789742473778
050  4 DS520^bป526ร
100    ปัณณภัทร
245    เราคืออาเซียน--สิงคโปร์ /^cปัณณภัทร
250    พิมพ์ครั้งที่ 4
260    กรุงเทพฯ :^bอมรินทร์คอมมิกส์,^c2555
300    58 หน้า
440  0 ชุด เราคืออาเซียน
650  7 ประชาคมอาเซียน
650  7 อาเซียน
650  7 สิงคโปร์
945    ^p75^l0^i20157
999    ^aทศพร เกษรทอง
รายการนี้ยังไม่มีแท็ก
คุณยังไม่ได้ล็อกอิน คุณสามารถมีกิจกรรมร่วมกับเว็บไซต์ได้ แต่ต้องล็อกอินก่อน ::
  ล็อกอิน

รายการสื่อสารสนเทศ

ลำดับที่ ประเภท เลขเรียก/บาร์โค้ด สถานที่ สถานะ
1. การศึกษาทั่วไป
การศึกษาทั่วไป
DS520 ป526ร ฉ.1 
  Barcode: 20157
ห้องสมุดวิทยาเขตนครสวรรค์
►หนังสือทั่วไป:l:General Books
บนชั้น

รายการใกล้เคียง
    ผู้แต่ง [ปัณณภัทร]

    หัวเรื่อง [ประชาคมอาเซียน]
    หัวเรื่อง [อาเซียน]
    หัวเรื่อง [สิงคโปร์]

BibComment


ยังไม่เคยถูกคอมเมนท์

คอมเมนท์ทรัพยากรรายการนี้
  คอมเมนท์: เราคืออาเซียนสิงค..


 Copyright 2026. Bcnsprnw @Library